Sistemi informativi e controllo interno un approccio integrato

Detalles Bibliográficos
Autor principal: Rubino, Michele
Otros Autores: Vitolla, Filippo
Formato: eBook
Lenguaje:italiano
Publicado: Bari : Cacucci Editore, 2012
Materias:
Acceso en línea:http://www.vlex.com/source/11191

MARC

LEADER 00000nam a22000007a 4500
005 20130429153657.0
007 cr|||| ||||
008 130429e2012 it |||||s|||| 00||0 ita d
020 |a 9788866111986 
035 |a 11191 
040 |a vLex 
090 |c 4212  |d 4212 
100 1 0 |a Rubino, Michele 
245 1 0 |a Sistemi informativi e controllo interno  |b un approccio integrato  |c / Michele Rubino, Filippo Vitolla   |h [Recurso electrn̤ico] 
256 |a Servicio en ln̕ea 
260 |a Bari :  |b Cacucci Editore,   |c 2012 
300 |a 1 Recurso electrn̤ico 
506 |d vLex Global  |d vLex Global (Academic Edition, excluding Law Schools)  |d vLex Global (U.S. Academic Edition, Law Schools)  |d vLex Global (U.S. Academic Edition, excluding Law Schools)  |d vLex Global (Academic Edition, Law Schools) 
650 0 4 |a Administracin̤ (Management)  |z Italia 
650 0 4 |a Gestin̤ de la informacin̤  |z Italia 
700 1 0 |a Vitolla, Filippo 
740 |a vLex Libros (Servicio en ln̕ea) 
856 |a Acceso restringido  |u http://www.vlex.com/source/11191 
942 |c BOOK 
999 0 |a Management